000 00420nam a2200157 i 4500
001 150333
003 ES-MaACL
005 20230906203452.0
007 t|
008 071030s1921 fr ||||1| fre d
100 1 _aVaillat, Léandre.
_9112415
245 1 3 _aLa femme inconnue
_b: roman /
_cLéandre Vaillat.
260 _aParis :
_bE. Flammarion,
_c[1921]
300 _a290 p. ;
_c19 cm.
852 _aES-MaACL
_jG-3229
999 _c150333
_d150333